MARC details
| 000 -LEADER |
| fixed length control field |
01987cam a2200433 i 4500 |
| 001 - CONTROL NUMBER |
| control field |
0000000220 |
| 005 - DATE AND TIME OF LATEST TRANSACTION |
| control field |
20170406112450.0 |
| 008 - FIXED-LENGTH DATA ELEMENTS--GENERAL INFORMATION |
| fixed length control field |
130514s2012 za m b a100 0 eng d |
| 020 ## - INTERNATIONAL STANDARD BOOK NUMBER |
| International Standard Book Number |
9780797438118 |
| 020 ## - INTERNATIONAL STANDARD BOOK NUMBER |
| International Standard Book Number |
0797438114 |
| 035 ## - SYSTEM CONTROL NUMBER |
| System control number |
(OCoLC)842940504 |
| 035 ## - SYSTEM CONTROL NUMBER |
| System control number |
.b72747547 |
| 040 ## - CATALOGING SOURCE |
| Original cataloging agency |
OSU |
| Language of cataloging |
eng |
| Description conventions |
rda |
| Transcribing agency |
OSU |
| Modifying agency |
UtOrBLW |
| 043 ## - GEOGRAPHIC AREA CODE |
| Geographic area code |
fs----- |
| -- |
f------ |
| 049 ## - LOCAL HOLDINGS (OCLC) |
| Holding library |
OSUU |
| 050 #4 - LIBRARY OF CONGRESS CALL NUMBER |
| Classification number |
HQ281 |
| Item number |
.F35 2011 |
| 050 #4 - LIBRARY OF CONGRESS CALL NUMBER |
| Classification number |
HQ281 |
| Item number |
.F35 2011 |
| 245 00 - TITLE STATEMENT |
| Title |
Faith perspectives on migration and human trafficking / |
| Statement of responsibility, etc. |
edited by David Kaulemu, Regional Co-ordinator for Eastern and Southern Africa, AFCAST. |
| 264 #1 - PRODUCTION, PUBLICATION, DISTRIBUTION, MANUFACTURE, AND COPYRIGHT NOTICE |
| Name of producer, publisher, distributor, manufacturer |
The African Forum for Catholic Social Teaching (AFCAST), |
| 300 ## - PHYSICAL DESCRIPTION |
| Extent |
112 pages ; |
| Dimensions |
21 cm. |
| 500 ## - GENERAL NOTE |
| General note |
"AFCAST held its eighteenth workshop, focused on 'Migration and Human Trafficking in Southern Africa', at the Malawi Institute of Management in Lilongwe, Malawi, on 15 November 2011"--Page 1. |
| 504 ## - BIBLIOGRAPHY, ETC. NOTE |
| Bibliography, etc. note |
Includes bibliographical references. |
| 650 #0 - SUBJECT ADDED ENTRY--TOPICAL TERM |
| Topical term or geographic name entry element |
Human trafficking |
| Geographic subdivision |
Africa, Southern |
| Form subdivision |
Congresses. |
| 650 #0 - SUBJECT ADDED ENTRY--TOPICAL TERM |
| Topical term or geographic name entry element |
Human trafficking |
| Geographic subdivision |
Africa |
| Form subdivision |
Congresses. |
| 650 #0 - SUBJECT ADDED ENTRY--TOPICAL TERM |
| Topical term or geographic name entry element |
Human trafficking victims |
| General subdivision |
Migrations |
| Form subdivision |
Congresses. |
| 650 #0 - SUBJECT ADDED ENTRY--TOPICAL TERM |
| Topical term or geographic name entry element |
Church and social problems |
| Geographic subdivision |
Africa |
| Form subdivision |
Congresses. |
| 651 #0 - SUBJECT ADDED ENTRY--GEOGRAPHIC NAME |
| Geographic name |
Africa |
| General subdivision |
Emigration and immigration |
| -- |
Religious aspects |
| Form subdivision |
Congresses. |
| 651 #0 - SUBJECT ADDED ENTRY--GEOGRAPHIC NAME |
| Geographic name |
Africa, Southern |
| General subdivision |
Emigration and immigration |
| -- |
Religious aspects |
| Form subdivision |
Congresses. |
| 700 1# - ADDED ENTRY--PERSONAL NAME |
| Personal name |
Kaulemu, David, |
| Relator term |
editor. |
| 710 2# - ADDED ENTRY--CORPORATE NAME |
| Corporate name or jurisdiction name as entry element |
African Forum for Catholic Social Teachings, |
| Relator term |
sponsoring body. |
| 710 2# - ADDED ENTRY--CORPORATE NAME |
| Corporate name or jurisdiction name as entry element |
Malawi Institute of Management, |
| Relator term |
host institution. |
| 710 2# - ADDED ENTRY--CORPORATE NAME |
| Corporate name or jurisdiction name as entry element |
African Forum for Catholic Social Teachings. |
| Subordinate unit |
Workshop on Migration and Human Trafficking in Southern Africa. |
| Number of part/section/meeting |
(18th : |
| Date of meeting or treaty signing |
2011 : |
| Location of meeting |
Lilongwe, Malawi) |
| 908 ## - PUT COMMAND PARAMETER (RLIN) |
| Put command parameter |
130912 |
| 913 ## - |
| -- |
N |